عرض عادي
عرض مارك
- Data encryption (Computer science)
مدخل مصطلح موضوعي
001 - رقم الضبط
- حقل الضبط: 12217
003 - معرف رقم الضبط
- حقل الضبط: OSt
005 - تاريخ ووقت أخر عملية
- حقل الضبط: 20120429165126.0
008 - عناصر بيانات ثابتة الطول
- حقل تحكم ثابت الطول: 120429|||a|||||| | ||| d
040 ## - مصدر الفهرسة
- هيئة الفهرسة الأصلية: OSt
- وكالة الكتابة: OSt
150 ## - مدخل-- مصطلح تاريخي
- عنصر مدخل المصطلح الموضوعي او الاسم الجغرافي: Data encryption (Computer science)
670 ## - بيانات المصدر موجوده
- الاستشهاد بالمصدر: Work cat.: (OSt)23620: Fridrich, Jessica. 12216, Steganography in digital media :, 2010.
